000
00303nam a2200121 a 4500
005
20141022142003.0
008
120229s19uu xx 00 eng d
050
_a
DVD-ROM
_b
F78 2008
100
_a
Foskett, David
245
_a
The theory of catering /
_c
David Foskett.
260
_c
2008.
942
_c
AVM
999
_c
276396
_d
276396